| 000 | 00553nam a2200169 i 4500 | ||
|---|---|---|---|
| 001 | 55991 | ||
| 003 | ES-MaACL | ||
| 005 | 20251114063104.0 | ||
| 007 | t| | ||
| 008 | 031001s1969 sp ||||1| spa d | ||
| 100 | 0 |
_aDíaz Merchán, Gabino, _cObispo de Guadix y Baza _944352 |
|
| 245 | 1 | 0 |
_aFé, persona y comunidad eclesial _b: orientaciones pastorales / _cGabino Díaz Merchán. |
| 260 |
_aMadrid : _bPropaganda Popular Católica, _c[1969] |
||
| 300 |
_a184 p. ; _c19 cm. |
||
| 852 |
_aES-MaACL _jC-40056 _bR.69762 |
||
| 999 |
_c55991 _d55991 |
||